000
00274nam a2200133Ia 4500
100
_a
Barrett/Charles
250
_a
III
942
_c
BK
654
_a
Metals
245
_a
Structure Of Metals
260
_b
McGraw Hill
_a
NewDelhi
_c
1968
300
_a
654
546
_a
ENGLISH
999
_c
25909
_d
25909